Music Symbols by Picture #1 - Statistics

General Stats
  • This quiz has been taken 88 times
  • The average score is 11 of 19
Answer Stats
Picture Answer % Correct
Flat
97%
Treble clef
96%
Natural
88%
Piano
88%
Staff
77%
Tie
77%
Staccato
76%
Common time
72%
Crescendo
72%
Trill
65%
Glissando
64%
Appoggiatura
53%
Engage pedal
47%
Tenuto
46%
Tremolo
34%
Marcato
30%
Upbow
22%
Caesura
18%
Segno
16%
No matching quizzes found
Score Distribution
Percent of People with Each Score
Percentile by Number Answered
Your Score History
You have not taken this quiz